Cultura digital: comunicación y sociedad

No hay duda de que estamos en una sociedad superconectada. Las redes de información cubren en forma creciente un mayor espectro de actividades, vínculos, medios. Los mensajes alternan entre líneas de teléfonos fijas, celulares, contestadores, correos electrónicos, páginas web? Y mientras los cables...

Descripción completa

Detalles Bibliográficos
Autor principal: Montagu, Arturo
Otros Autores: Pimentel, Diego, Groisman, Martín
Formato: Conjunto
Lenguaje:Spanish
Edición:1a ed.
Colección:Estudios de Comunicación
Materias:

MARC

LEADER 00000cac a2200000 a 4500
001 104773
003 Ucuenca
005 20230308212438.0
008 006022|2004 ag |||||r|||||||||||spa||
020 |a 950-12-2720-0 
040 |b spa 
041 0 |a es 
082 0 |a 303.483 4 
100 |a Montagu, Arturo  |9 225425 
245 |a Cultura digital: comunicación y sociedad  |c Arturo Montagu, Diego Pimentel, Martín Groisman  |h imp 
250 |a 1a ed. 
264 |a Buenos Aires  |b Paidós  |c 2004 
300 |a 213 páginas:  |c 23 cm 
490 |a Estudios de Comunicación  |n no. 20 
500 |a contiene glosario explicativo de términos propios de la tecnología digital 
504 |a incl. ref. 
520 3 |a No hay duda de que estamos en una sociedad superconectada. Las redes de información cubren en forma creciente un mayor espectro de actividades, vínculos, medios. Los mensajes alternan entre líneas de teléfonos fijas, celulares, contestadores, correos electrónicos, páginas web? Y mientras los cables comienzan a desaparecer en la nueva sociedad wireless, los hilos de la comunicación formatean las relaciones humanas de un modo completamente original y complejo. El campo de lo virtual conforma nuevos espacios y plantea paradójicas relaciones con quienes lo habitamos, reconfigurando los sistemas y modos de comunicación interpersonales. Esta obra se propone una reflexión sobre algunos fenómenos mediáticos generados a partir de la influencia de la tecnología digital, en particular en el campo del diseño. Diseño entendido en sentido amplio, como todo aquello que nos permite planificar, proyectar y construir ideas. No resulta casual que en el libro converjan autores que provienen del campo de la arquitectura, la gráfica digital y la producción audiovisual, universos que encuentran puntos de cruce e intercambio y que, a la luz de la tecnología digital, suscitan intereses y preocupaciones comunes. 
650 0 |a Comunicación  |9 328 
650 0 |a Innovacion tecnologica  |9 38751 
650 0 |a Cultura digital  |9 115584 
650 0 |a Tecnologia digital  |9 102961 
650 0 |a Procesos sociales  |9 8827 
700 1 |a Pimentel, Diego  |9 225426 
700 1 |a Groisman, Martín  |9 225427 
852 |a UC-CDJBV  |f Compra  |l 1  |m General  |p 20060220  |q 12.35  |r 2  |t 104773  |y 30404  |b 0  |d CDRC  |e CDRC  |g 303.483 4 PRIMER PISO  |z 2006-60-22 
852 |a UC-CDJBV  |f Compra  |l 2  |m General  |p 20060220  |q 12.35  |r 2  |t 104760  |y 30417  |b 0  |d CDRC  |e CDRC  |g 303.483 4 PRIMER PISO  |z 2006-60-22 
852 |a UC-CDJBV  |f Compra  |l 3  |m General  |p 20160120  |q 31.00  |r 2  |t 115270  |v filo  |y 6080761  |b 0  |d CDRC  |e CDRC  |g 303.483 4 PRIMER PISO  |z 2016-60-12 
856 |a http://sibuc.ucuenca.edu.ec/portada/115270-cdj.jpg 
942 |c CR  |0 3  |2 ddc  |r luz.vázquez@ucuenca.edu.ec 
999 |c 122109  |d 122109